书目信息 |
| 题名: |
析出文献著录及机读数据制作手册
|
|
| 作者: | 苑克俪 主编 | |
| 分册: | ||
| 出版信息: | 北京 北京图书馆出版社 2005.06 |
|
| 页数: | 393页 | |
| 开本: | 26cm | |
| 丛书名: | ||
| 单 册: | ||
| 中图分类: | G254.364-62 | |
| 科图分类: | ||
| 主题词: | 机器可读目录--ji qi ke du mu lu--文献著录--中国--手册 | |
| 电子资源: | ||
| ISBN: | 7-5013-2764-5 | |
| 000 | 01019nam0 2200217 450 | |
| 001 | 012006889265 | |
| 005 | 20061012151744.70 | |
| 010 | @a7-5013-2764-5@dCNY60.00 | |
| 100 | @a20060611d2005 km y0chiy0120 ea | |
| 101 | 0 | @achi |
| 102 | @aCN@b110000 | |
| 105 | @ay z 000yy | |
| 200 | 1 | @a析出文献著录及机读数据制作手册@Axi chu wen xian zhu lu ji ji du shu ju zhi zuo shou ce@f苑克俪主编@Fyuan ke li zhu bian |
| 210 | @a北京@c北京图书馆出版社@d2005.06 | |
| 215 | @a393页@d26cm | |
| 330 | @a本书共两部分。第一部分:析出文献著录细则。遵循《国际标准书目著录》(ISBDs)和中国国家标准GB 3792《文献著录规则》,提供析出文献在宿主文献中的准确位置的特点,分四个部分为析出文献的著录提供指导。第二部分:析出文献机读格式使用细则。依据2003年最新制定的中国国家标准《中国机读目录格式》,为制作析出文献篇目数据制定了规范的机读格式使用细则。 | |
| 606 | 0 | @a机器可读目录@Aji qi ke du mu lu@x文献著录@y中国@j手册 |
| 690 | @aG254.364-62@v4 | |
| 701 | 0 | @a苑克俪@Ayuan ke li@4主编 |
| 801 | 0 | @aCN@c20061012 |
| 905 | @a10447@dG254.364-62@eY940 | |
| 析出文献著录及机读数据制作手册/苑克俪主编.-北京:北京图书馆出版社,2005.06 |
| 393页;26cm |
| ISBN 7-5013-2764-5:CNY60.00 |
| 本书共两部分。第一部分:析出文献著录细则。遵循《国际标准书目著录》(ISBDs)和中国国家标准GB 3792《文献著录规则》,提供析出文献在宿主文献中的准确位置的特点,分四个部分为析出文献的著录提供指导。第二部分:析出文献机读格式使用细则。依据2003年最新制定的中国国家标准《中国机读目录格式》,为制作析出文献篇目数据制定了规范的机读格式使用细则。 |
| ● |
| 相关链接 |
|
|
|
正题名:析出文献著录及机读数据制作手册
索取号:G254.364-62/Y940
 
预约/预借
| 序号 | 登录号 | 条形码 | 馆藏地/架位号 | 状态 | 备注 |
| 1 | 549650 | 205496505 | 社科库409/ [索取号:G254.364-62/Y940] | 在馆 | |
| 2 | 583836 | 205838361 | 社科库409/309社科库 87排2列6层/ [索取号:G254.364-62/Y940] | 在馆 | |
| 3 | 583837 | 205838370 | 社科库409/409社科库 59排6列3层/ [索取号:G254.364-62/Y940] | 在馆 | |
| 4 | 583838 | 205838389 | 社科库409/409社科库 59排6列2层/ [索取号:G254.364-62/Y940] | 在馆 |